The English language : an introduction; background for writing /

Bibliographic Details
Main Author: Francis, W. Nelson (Winthrop Nelson), 1910-2002
Format: Book
Language:English
Published: New York : W. W. Norton, [1965]
Subjects:

MARC

Tag First Indicator Second Indicator Subfields
LEADER 00000cam a22000001 4500
001 in00000021315
005 20151007062254.0
008 731030c19651963nyub b 00010 eng
010 |a  63015500  
035 |a (OCoLC)00318138 
035 |9 AAD4408AM 
040 |a DLC  |c DLC  |d TXA  |d UtOrBLW 
049 |a TXAM  |c [410986] 
050 0 0 |a PE1408  |b .F57 1965 
082 0 |a 808.042 
092 |a 808  |b F819e 
100 1 |a Francis, W. Nelson  |q (Winthrop Nelson),  |d 1910-2002. 
245 1 4 |a The English language :  |b an introduction; background for writing /  |c [by] W. Nelson Francis. 
264 1 |a New York :  |b W. W. Norton,  |c [1965] 
264 4 |c [©1963] 
300 |a x, 273 pages :  |b maps. ;  |c 22 cm. 
336 |a text  |b txt  |2 rdacontent 
337 |a unmediated  |b n  |2 rdamedia 
338 |a volume  |b nc  |2 rdacarrier 
504 |a Includes bibliographies. 
650 0 |a English language  |x Rhetoric. 
999 |a MARS 
999 f f |s ba46d512-156a-3a35-be75-6b642e4e92f4  |i cc1c0e3b-d333-3050-a21e-85f9b2924162  |t 0 
952 f f |p ric  |a Texas A&M University  |b Rellis Campus  |c Joint Library Facility  |d Remote Storage  |t 0  |e PE1408 .F57 1965  |h Library of Congress classification  |i unmediated -- volume  |m A14801193756 
998 f f |a PE1408 .F57 1965  |t 0  |l Remote Storage